000 00287nam a22001337a 4500
008 171018b xxu||||| |||| 00| 0 eng d
020 _a9780071285575
041 _aeng
080 _24 ED
_a338
100 _a53
101 _aMEN
245 _aMANAGEMNET
_cWILLIAMS.K
942 _2udc
_cBK
999 _c34714
_d34714